| 000 | 00695cam a22001814a 4500 | ||
|---|---|---|---|
| 005 | 20250605163343.0 | ||
| 008 | 250528s ||||||||||||||||||||||||d | ||
| 035 | _a17460 | ||
| 020 | _a9608910463 | ||
| 040 |
_aGR-AtMCL _bgre _dGR-AtMCL _eAACR2 |
||
| 245 | 1 | _aGauguin / ArtBook | |
| 260 |
_bElecta - Ημερησία, _c2005 |
||
| 300 | _a146 | ||
| 520 | _a1848-1885 - Τα Χρόνια της Διαπαιδαγώγησης, 18886-1890 - Η Βρετάνη και τα άλλα Μέσα, 1891-1893 - Χαλιρε Ταιτή, 1893-1895 - Επιστροφή στο Παρίσι, 1895-1903 - Η Ταιτή καΙ τα Μαρκέσας. | ||
| 942 | _cBK | ||
| 999 |
_c2876 _d2876 |
||